Alle aktuellen Skisprungschanzen - Statistiken

Allgemein
  • Dieses Quiz wurde 97 mal gespielt
  • Das Durchschnittsergebnis liegt bei 17 aus 25
Antwortstatistiken
Nation HS Skisprungschanze % Korrekt
DEU 235m Oberstdorf
95%
DEU 137m Oberstdorf
95%
AUS 128m Innsbruck
94%
DEU 142m Garmisch-Partenkirchen
93%
SLO 240m Planica
91%
SLO 138m Planica
91%
AUS 142m Bischofshofen
87%
DEU 147m Willingen
85%
NOR 240m Vikersund
79%
NOR 134m Oslo
76%
JPN 137m Sapporo
74%
POL 140m Zakopane
73%
FIN 130m Lahti
72%
NOR 138m Trondheim
71%
SUI 140m Engelberg
70%
NOR 140m Lillehammer
68%
POL 134m Wisła
67%
AUS 235m Kulm
63%
DEU 142m Titisee-Neustadt
62%
USA 128m Lake Placid
60%
DEU 140m Klingenthal
54%
FIN 142m Kuusamo
48%
ROU 97m Râșnov
32%
RUS 134m Nischni Tagil
29%
CHI 140m Zhangjiakou
15%
Keine übereinstimmenden Quizze gefunden
Verteilung der Resultate
Anzahl Personen mit jedem Resultat
Perzentil nach korrekt beantworteten Fragen
Ihre Resultats-Entwicklung
Sie haben dieses Quiz noch nicht gespielt